[Event "Turniej Blitza na II Lidze Juniorów 2018"]
[Site "Szczyrk, Poland"]
[Date "????.??.??"]
[Round "6.23"]
[White "Gredka, Dominika"]
[Black "Matyszkiewicz, Wiktor"]
[Result "0-1"]
[TimeControl "3'+2\""]
[WhiteElo "1782"]
[BlackElo "1431"]

1. e4 {[%clk 00:03:03]} e5 {[%clk 00:03:03]} {[%emt 00:00:01]} 2. Nf3 {[%clk
00:03:05]} Nc6 {[%clk 00:03:05]} {[%emt 00:00:01]} 3. Bb5 {[%clk 00:03:06]} a6
{[%clk 00:03:05]} {[%emt 00:00:02]} 4. Ba4 {[%clk 00:03:07]} Nf6 {[%clk
00:03:06]} 5. O-O {[%clk 00:03:07]} {[%emt 00:00:01]} Be7 {[%clk 00:03:07]}
{[%emt 00:00:01]} 6. Re1 {[%clk 00:03:09]} {[%emt 00:00:01]} b5 {[%clk
00:03:08]} 7. Bb3 {[%clk 00:03:10]} O-O {[%clk 00:03:08]} {[%emt 00:00:04]} 8.
c3 {[%clk 00:03:11]} d5 {[%clk 00:03:09]} {[%emt 00:00:01]} 9. exd5 {[%clk
00:03:03]} {[%emt 00:00:11]} Nxd5 {[%clk 00:03:10]} {[%emt 00:00:01]} 10. d3
{[%clk 00:03:04]} Be6 {[%clk 00:02:22]} {[%emt 00:00:50]} 11. Bc2 {[%clk
00:02:23]} {[%emt 00:00:43]} Bd6 {[%clk 00:02:19]} {[%emt 00:00:05]} 12. h3
{[%clk 00:02:20]} {[%emt 00:00:04]} b4 {[%clk 00:02:05]} {[%emt 00:00:17]} 13.
d4 {[%clk 00:01:51]} {[%emt 00:00:31]} exd4 {[%clk 00:02:04]} {[%emt 00:00:03]}
14. cxd4 {[%clk 00:01:51]} {[%emt 00:00:02]} h6 {[%clk 00:01:44]} {[%emt
00:00:22]} 15. Nbd2 {[%clk 00:01:32]} {[%emt 00:00:20]} Rb8 {[%clk 00:01:41]}
{[%emt 00:00:05]} 16. Ne4 {[%clk 00:01:21]} {[%emt 00:00:14]} Bf5 {[%clk
00:01:20]} {[%emt 00:00:23]} 17. Nxd6 {[%clk 00:00:42]} {[%emt 00:00:41]} Bxc2
{[%clk 00:01:20]} {[%emt 00:00:01]} 18. Qxc2 {[%clk 00:00:43]} {[%emt
00:00:02]} Qxd6 {[%clk 00:01:20]} {[%emt 00:00:02]} 19. Be3 {[%clk 00:00:23]}
{[%emt 00:00:22]} Rfe8 {[%clk 00:01:16]} {[%emt 00:00:06]} 20. Rac1 {[%clk
00:00:21]} {[%emt 00:00:04]} Nce7 {[%clk 00:01:01]} {[%emt 00:00:17]} 21. Qd2
{[%clk 00:00:08]} {[%emt 00:00:17]} Rbd8 {[%clk 00:00:55]} {[%emt 00:00:07]} 22.
Ne5 {[%clk 00:00:06]} {[%emt 00:00:04]} Nxe3 {[%clk 00:00:38]} {[%emt
00:00:19]} 23. fxe3 {[%clk 00:00:07]} {[%emt 00:00:01]} Qxe5 {[%clk 00:00:31]}
{[%emt 00:00:10]} 24. Qxb4 {[%clk 00:00:06]} {[%emt 00:00:02]} Qd6 {[%clk
00:00:27]} {[%emt 00:00:05]} 25. Qc4 {[%clk 00:00:05]} {[%emt 00:00:03]} Rb8
{[%clk 00:00:21]} {[%emt 00:00:08]} 26. b3 {[%clk 00:00:06]} {[%emt 00:00:02]}
Nd5 {[%clk 00:00:10]} {[%emt 00:00:12]} 27. e4 {[%clk 00:00:07]} {[%emt
00:00:01]} Nf4 {[%clk 00:00:08]} {[%emt 00:00:04]} 28. e5 {[%clk 00:00:08]}
{[%emt 00:00:02]} Qd5 {[%clk 00:00:03]} {[%emt 00:00:07]} 29. Qc2 {[%clk
00:00:08]} {[%emt 00:00:02]} c6 {[%clk 00:00:04]} {[%emt 00:00:01]} 30. Kh2
{[%clk 00:00:08]} {[%emt 00:00:02]} Ne6 {[%clk 00:00:05]} 31. Qc3 {[%clk
00:00:07]} {[%emt 00:00:02]} Rbc8 {[%clk 00:00:06]} {[%emt 00:00:01]} 32. Rcd1
{[%clk 00:00:08]} {[%emt 00:00:02]} c5 {[%clk 00:00:07]} {[%emt 00:00:01]} 33.
dxc5 Qxc5 {[%clk 00:00:08]} 34. Qf3 {[%clk 00:00:08]} Qc6 {[%clk 00:00:10]}
{[%emt 00:00:01]} 35. Qf2 {[%clk 00:00:08]} {[%emt 00:00:01]} Qc5 {[%clk
00:00:10]} {[%emt 00:00:02]} 36. Qf3 {[%clk 00:00:10]} {[%emt 00:00:01]} Qc3
{[%clk 00:00:11]} {[%emt 00:00:01]} 37. Qf2 {[%clk 00:00:09]} {[%emt 00:00:02]}
Qc2 {[%clk 00:00:12]} {[%emt 00:00:01]} 38. Qf3 {[%clk 00:00:09]} {[%emt
00:00:02]} Qxa2 {[%clk 00:00:13]} {[%emt 00:00:01]} 39. Re2 {[%clk 00:00:10]}
{[%emt 00:00:02]} Qa3 {[%clk 00:00:14]} {[%emt 00:00:01]} 40. Red2 {[%clk
00:00:11]} {[%emt 00:00:01]} Qc5 {[%clk 00:00:14]} {[%emt 00:00:02]} 41. Rf2
{[%clk 00:00:11]} {[%emt 00:00:02]} Rcd8 {[%clk 00:00:15]} 42. Qxf7+ {[%clk
00:00:11]} Kh8 {[%clk 00:00:16]} {[%emt 00:00:01]} 43. Rxd8 Rxd8 {[%clk
00:00:17]} 44. Qxe6 {[%clk 00:00:13]} {[%emt 00:00:02]} Rf8 {[%clk 00:00:17]}
{[%emt 00:00:02]} 45. Rxf8+ Qxf8 {[%clk 00:00:18]} 46. Qxa6 {[%clk 00:00:04]}
{[%emt 00:00:04]} Qf4+ {[%clk 00:00:19]} 47. Kg1 {[%clk 00:00:05]} {[%emt
00:00:01]} Qxe5 {[%clk 00:00:20]} {[%emt 00:00:01]} 48. Qb5 {[%clk 00:00:03]}
{[%emt 00:00:04]} Qxb5 {[%clk 00:00:20]} {[%emt 00:00:02]} 0-1

[Event "Turniej Blitza na II Lidze Juniorów 2018"]
[Site "Szczyrk, Poland"]
[Date "????.??.??"]
[Round "6.29"]
[White "Krzyzosiak, Anna"]
[Black "Jaworski, Tymon"]
[Result "1-0"]
[TimeControl "3'+2\""]
[WhiteElo "1596"]
[BlackElo "1383"]

1. e4 {[%clk 00:03:04]} {[%emt 00:00:39]} c5 {[%clk 00:03:03]} {[%emt
00:00:01]} 2. Nf3 {[%clk 00:03:05]} {[%emt 00:00:01]} e6 {[%clk 00:03:04]}
{[%emt 00:00:02]} 3. d4 {[%clk 00:03:05]} {[%emt 00:00:02]} cxd4 {[%clk
00:03:05]} 4. Nxd4 {[%clk 00:03:06]} {[%emt 00:00:01]} Nc6 {[%clk 00:03:04]}
{[%emt 00:00:02]} 5. Be3 {[%clk 00:03:06]} {[%emt 00:00:03]} d6 {[%clk
00:03:01]} {[%emt 00:00:04]} 6. Nc3 {[%clk 00:03:06]} {[%emt 00:00:02]} Nf6
{[%clk 00:03:01]} {[%emt 00:00:02]} 7. f3 {[%clk 00:03:06]} {[%emt 00:00:03]}
Bd7 {[%clk 00:03:02]} {[%emt 00:00:02]} 8. Bc4 {[%clk 00:03:01]} {[%emt
00:00:06]} a6 {[%clk 00:03:00]} {[%emt 00:00:04]} 9. O-O {[%clk 00:02:50]}
{[%emt 00:00:12]} b5 {[%clk 00:03:01]} {[%emt 00:00:02]} 10. Bb3 {[%clk
00:02:49]} {[%emt 00:00:03]} e5 {[%clk 00:02:56]} {[%emt 00:00:06]} 11. Nxc6
{[%clk 00:02:44]} {[%emt 00:00:07]} Bxc6 {[%clk 00:02:57]} {[%emt 00:00:02]} 12.
Qd2 {[%clk 00:02:41]} {[%emt 00:00:04]} Be7 {[%clk 00:02:57]} {[%emt 00:00:02]}
13. Rad1 {[%clk 00:02:39]} {[%emt 00:00:04]} O-O {[%clk 00:02:55]} {[%emt
00:00:04]} 14. Bg5 {[%clk 00:02:31]} {[%emt 00:00:10]} Qd7 {[%clk 00:02:33]}
{[%emt 00:00:24]} 15. Bxf6 {[%clk 00:02:31]} {[%emt 00:00:03]} gxf6 {[%clk
00:02:33]} {[%emt 00:00:02]} 16. Qh6 {[%clk 00:02:21]} {[%emt 00:00:11]} f5
{[%clk 00:02:22]} {[%emt 00:00:13]} 17. exf5 {[%clk 00:02:15]} {[%emt
00:00:08]} Qxf5 {[%clk 00:02:23]} {[%emt 00:00:01]} 18. Nd5 {[%clk 00:02:13]}
{[%emt 00:00:05]} Bxd5 {[%clk 00:02:17]} {[%emt 00:00:08]} 19. Bxd5 {[%clk
00:02:12]} {[%emt 00:00:02]} Rac8 {[%clk 00:02:16]} {[%emt 00:00:02]} 20. Be4
{[%clk 00:02:10]} {[%emt 00:00:05]} Qxe4 {[%clk 00:01:50]} {[%emt 00:00:30]} 21.
fxe4 {[%clk 00:02:12]} {[%emt 00:00:02]} Rxc2 {[%clk 00:01:50]} {[%emt
00:00:02]} 22. Rf3 {[%clk 00:02:04]} {[%emt 00:00:10]} f6 {[%clk 00:01:40]}
{[%emt 00:00:12]} 23. Rg3+ {[%clk 00:01:53]} {[%emt 00:00:14]} Kf7 {[%clk
00:01:39]} {[%emt 00:00:02]} 24. Qxh7+ {[%clk 00:01:50]} {[%emt 00:00:06]} Ke8
{[%clk 00:01:40]} {[%emt 00:00:01]} 25. Rg7 {[%clk 00:01:41]} {[%emt 00:00:11]}
Rc7 {[%clk 00:01:33]} {[%emt 00:00:05]} 26. Qg6+ {[%clk 00:01:40]} {[%emt
00:00:07]} Kd8 {[%clk 00:01:33]} {[%emt 00:00:01]} 27. Rg8 {[%clk 00:01:37]}
{[%emt 00:00:05]} Rc2 {[%clk 00:01:28]} {[%emt 00:00:06]} 28. Rxf8+ {[%clk
00:01:36]} {[%emt 00:00:03]} Bxf8 {[%clk 00:01:29]} {[%emt 00:00:01]} 29. Qxf6+
{[%clk 00:01:36]} {[%emt 00:00:03]} Be7 {[%clk 00:01:30]} {[%emt 00:00:01]} 30.
Rxd6+ {[%clk 00:01:19]} {[%emt 00:00:19]} Ke8 {[%clk 00:01:21]} {[%emt
00:00:10]} 31. Qh8+ {[%clk 00:01:17]} {[%emt 00:00:04]} Kf7 {[%clk 00:01:22]}
{[%emt 00:00:02]} 32. Qh7+ {[%clk 00:01:14]} {[%emt 00:00:04]} Kf8 {[%clk
00:01:18]} {[%emt 00:00:06]} 33. Rd7 {[%clk 00:00:51]} {[%emt 00:00:26]} Bc5+
{[%clk 00:01:04]} {[%emt 00:00:15]} 34. Kf1 {[%clk 00:00:52]} {[%emt 00:00:02]}
Rf2+ {[%clk 00:01:04]} {[%emt 00:00:01]} 35. Ke1 {[%clk 00:00:52]} {[%emt
00:00:02]} Ke8 {[%clk 00:01:03]} {[%emt 00:00:02]} 36. Rb7 {[%clk 00:00:46]}
{[%emt 00:00:09]} Rf7 {[%clk 00:00:03]} {[%emt 00:01:02]} 37. Qxf7+ {[%clk
00:00:46]} {[%emt 00:00:03]} Kd8 {[%emt 00:00:06]} 38. Qd7# {[%clk 00:00:41]}
{[%emt 00:00:02]} 1-0

[Event "Turniej Blitza na II Lidze Juniorów 2018"]
[Site "Szczyrk, Poland"]
[Date "????.??.??"]
[Round "6.25"]
[White "Ziemniak, Piotr"]
[Black "Gozdzicki, Maciej"]
[Result "1-0"]
[TimeControl "3'+2\""]
[WhiteElo "1737"]
[BlackElo "1422"]

1. e4 {[%clk 00:03:02]} {[%emt 00:00:01]} c5 {[%clk 00:03:04]} {[%emt
00:00:01]} 2. Nf3 {[%clk 00:03:03]} {[%emt 00:00:01]} e6 {[%clk 00:03:05]} 3.
d4 {[%clk 00:03:04]} cxd4 {[%clk 00:03:07]} 4. Nxd4 {[%clk 00:03:04]} {[%emt
00:00:01]} a6 {[%clk 00:03:08]} {[%emt 00:00:02]} 5. Bd3 {[%clk 00:03:02]}
{[%emt 00:00:03]} Qc7 {[%clk 00:03:09]} {[%emt 00:00:02]} 6. O-O {[%clk
00:03:01]} {[%emt 00:00:02]} d6 {[%clk 00:03:05]} {[%emt 00:00:06]} 7. Be3
{[%clk 00:02:57]} {[%emt 00:00:06]} g6 {[%clk 00:03:06]} 8. f4 {[%clk
00:02:44]} {[%emt 00:00:14]} Bg7 {[%clk 00:03:07]} {[%emt 00:00:02]} 9. f5
{[%clk 00:02:26]} {[%emt 00:00:20]} e5 {[%clk 00:03:09]} 10. Ne2 {[%clk
00:02:25]} {[%emt 00:00:03]} Nf6 {[%clk 00:03:04]} {[%emt 00:00:06]} 11. Bg5
{[%clk 00:02:23]} {[%emt 00:00:03]} O-O {[%clk 00:02:58]} {[%emt 00:00:08]} 12.
Nbc3 {[%clk 00:02:21]} {[%emt 00:00:05]} h6 {[%clk 00:02:59]} {[%emt 00:00:01]}
13. Bxf6 {[%clk 00:02:20]} {[%emt 00:00:03]} Bxf6 {[%clk 00:03:00]} 14. Ng3
{[%clk 00:02:01]} {[%emt 00:00:21]} Nd7 {[%clk 00:02:43]} {[%emt 00:00:19]} 15.
Qg4 {[%clk 00:01:46]} {[%emt 00:00:17]} Kh7 {[%clk 00:02:45]} {[%emt 00:00:01]}
16. Nd5 {[%clk 00:01:43]} {[%emt 00:00:04]} Qd8 {[%clk 00:02:45]} {[%emt
00:00:02]} 17. fxg6+ {[%clk 00:01:30]} {[%emt 00:00:16]} fxg6 {[%clk 00:02:46]}
{[%emt 00:00:01]} 18. Qe2 {[%clk 00:00:57]} {[%emt 00:00:34]} b5 {[%clk
00:02:35]} {[%emt 00:00:13]} 19. Rf2 {[%clk 00:00:56]} {[%emt 00:00:03]} Bb7
{[%clk 00:02:32]} {[%emt 00:00:06]} 20. Raf1 {[%clk 00:00:53]} {[%emt
00:00:04]} Bxd5 {[%clk 00:02:33]} 21. exd5 {[%clk 00:00:54]} {[%emt 00:00:01]}
Qe7 {[%clk 00:02:31]} {[%emt 00:00:03]} 22. Nh5 {[%clk 00:00:44]} {[%emt
00:00:13]} Bg7 {[%clk 00:02:28]} {[%emt 00:00:05]} 23. Qe4 {[%clk 00:00:42]}
{[%emt 00:00:04]} Qg5 {[%clk 00:02:18]} {[%emt 00:00:12]} 24. Nxg7 {[%clk
00:00:36]} {[%emt 00:00:08]} Kxg7 {[%clk 00:02:18]} {[%emt 00:00:02]} 25. h4
{[%clk 00:00:30]} {[%emt 00:00:08]} Qg3 {[%clk 00:02:07]} {[%emt 00:00:13]} 26.
Rf3 {[%clk 00:00:27]} {[%emt 00:00:05]} Rxf3 {[%clk 00:02:07]} {[%emt
00:00:02]} 27. Rxf3 {[%clk 00:00:28]} 1-0

[Event "Turniej Blitza na II Lidze Juniorów 2018"]
[Site "Szczyrk, Poland"]
[Date "????.??.??"]
[Round "6.2"]
[White "Adamski, Jan"]
[Black "Jaroch, Karol"]
[Result "0-1"]
[TimeControl "3'+2\""]
[WhiteTitle "IM"]
[WhiteElo "2160"]
[BlackElo "2257"]

1. Nf3 {[%clk 00:03:03]} {[%emt 00:00:01]} e6 {[%clk 00:03:03]} {[%emt
00:00:01]} 2. c4 {[%clk 00:03:03]} {[%emt 00:00:01]} Nf6 {[%clk 00:03:04]}
{[%emt 00:00:01]} 3. g3 {[%clk 00:03:04]} b6 {[%clk 00:03:05]} {[%emt
00:00:01]} 4. Bg2 {[%clk 00:03:05]} {[%emt 00:00:02]} Bb7 {[%clk 00:03:06]}
{[%emt 00:00:01]} 5. d4 {[%clk 00:03:05]} {[%emt 00:00:02]} Bb4+ {[%clk
00:03:06]} {[%emt 00:00:01]} 6. Bd2 {[%clk 00:03:06]} a5 {[%clk 00:03:07]}
{[%emt 00:00:01]} 7. O-O {[%clk 00:03:06]} {[%emt 00:00:02]} O-O {[%clk
00:03:07]} {[%emt 00:00:02]} 8. Bg5 {[%clk 00:03:04]} {[%emt 00:00:04]} h6
{[%clk 00:03:06]} {[%emt 00:00:04]} 9. Bxf6 {[%emt 00:00:09]} Qxf6 {[%emt
00:00:02]} 10. a3 {[%clk 00:02:45]} {[%emt 00:00:10]} Be7 {[%clk 00:03:06]}
{[%emt 00:00:02]} 11. Nc3 {[%clk 00:02:43]} {[%emt 00:00:03]} d6 {[%clk
00:03:04]} {[%emt 00:00:04]} 12. Qd3 {[%clk 00:02:31]} {[%emt 00:00:14]} Bc6
{[%clk 00:02:25]} {[%emt 00:00:41]} 13. d5 {[%clk 00:02:08]} {[%emt 00:00:26]}
exd5 {[%clk 00:02:25]} {[%emt 00:00:02]} 14. cxd5 {[%clk 00:02:05]} {[%emt
00:00:04]} Bd7 {[%clk 00:02:14]} {[%emt 00:00:13]} 15. b4 {[%clk 00:01:49]}
{[%emt 00:00:18]} Na6 {[%clk 00:02:14]} {[%emt 00:00:02]} 16. Rab1 {[%clk
00:01:44]} {[%emt 00:00:07]} axb4 {[%clk 00:02:07]} {[%emt 00:00:10]} 17. axb4
{[%clk 00:01:45]} Rfe8 {[%clk 00:02:07]} {[%emt 00:00:02]} 18. Nd4 {[%clk
00:01:45]} {[%emt 00:00:01]} Bf8 {[%clk 00:01:20]} {[%emt 00:00:49]} 19. e3
{[%clk 00:01:44]} {[%emt 00:00:03]} g6 {[%clk 00:01:20]} {[%emt 00:00:03]} 20.
Qc4 {[%clk 00:01:41]} {[%emt 00:00:05]} Bg7 {[%clk 00:00:39]} {[%emt 00:00:43]}
21. Ra1 {[%clk 00:01:00]} {[%emt 00:00:43]} b5 {[%clk 00:00:40]} {[%emt
00:00:01]} 22. Qb3 {[%clk 00:00:53]} {[%emt 00:00:09]} Qe7 {[%clk 00:00:27]}
{[%emt 00:00:15]} 23. Nce2 {[%clk 00:00:35]} {[%emt 00:00:20]} Reb8 {[%clk
00:00:22]} {[%emt 00:00:07]} 24. Ra3 {[%clk 00:00:34]} {[%emt 00:00:02]} Rb6
{[%clk 00:00:23]} {[%emt 00:00:02]} 25. Rfa1 {[%clk 00:00:35]} {[%emt
00:00:01]} Qe8 {[%clk 00:00:16]} {[%emt 00:00:08]} 26. Ra5 {[%clk 00:00:34]}
{[%emt 00:00:03]} Bc8 {[%clk 00:00:11]} {[%emt 00:00:08]} 27. R1a3 {[%clk
00:00:31]} {[%emt 00:00:04]} Bb7 {[%clk 00:00:13]} 28. Nc6 {[%clk 00:00:21]}
{[%emt 00:00:13]} Bxc6 {[%clk 00:00:12]} {[%emt 00:00:03]} 29. dxc6 {[%clk
00:00:21]} {[%emt 00:00:01]} Qe6 {[%clk 00:00:09]} {[%emt 00:00:06]} 30. Qxe6
{[%clk 00:00:16]} {[%emt 00:00:07]} fxe6 {[%clk 00:00:10]} 31. Nf4 {[%clk
00:00:11]} {[%emt 00:00:07]} Kf7 {[%clk 00:00:11]} {[%emt 00:00:01]} 32. Bh3
{[%emt 00:00:02]} Bb2 {[%emt 00:00:06]} 33. Bxe6+ {[%clk 00:00:00]} {[%emt
00:00:05]} Kf6 {[%clk 00:00:11]} {[%emt 00:00:02]} 0-1

[Event "Turniej Blitza na II Lidze Juniorów 2018"]
[Site "Szczyrk, Poland"]
[Date "????.??.??"]
[Round "6.16"]
[White "Sidorczuk, Pawel"]
[Black "Twardowski, Hubert"]
[Result "0-1"]
[TimeControl "3'+2\""]
[WhiteElo "1120"]
[BlackElo "1542"]

1. e4 {[%clk 00:03:03]} {[%emt 00:00:01]} d6 {[%clk 00:03:00]} {[%emt
00:00:04]} 2. d4 {[%clk 00:03:03]} {[%emt 00:00:02]} Nf6 {[%clk 00:03:01]} 3.
Nc3 {[%clk 00:03:04]} {[%emt 00:00:02]} g6 {[%clk 00:02:59]} {[%emt 00:00:04]}
4. f4 {[%clk 00:03:05]} Bg7 {[%clk 00:02:59]} {[%emt 00:00:01]} 5. Nf3 {[%clk
00:03:06]} {[%emt 00:00:01]} O-O {[%clk 00:02:58]} {[%emt 00:00:04]} 6. e5
{[%clk 00:02:52]} {[%emt 00:00:16]} dxe5 {[%clk 00:02:59]} {[%emt 00:00:01]} 7.
fxe5 {[%clk 00:02:53]} {[%emt 00:00:01]} Nd5 {[%clk 00:02:59]} 8. Bc4 {[%clk
00:02:50]} {[%emt 00:00:06]} Nxc3 {[%clk 00:02:48]} {[%emt 00:00:13]} 9. bxc3
{[%clk 00:02:50]} {[%emt 00:00:02]} e6 {[%clk 00:02:49]} 10. O-O {[%clk
00:02:50]} {[%emt 00:00:03]} b6 {[%clk 00:02:50]} {[%emt 00:00:01]} 11. Be3
{[%clk 00:02:37]} {[%emt 00:00:15]} Bb7 {[%clk 00:02:51]} {[%emt 00:00:01]} 12.
Qd2 {[%clk 00:02:38]} {[%emt 00:00:01]} Nd7 {[%clk 00:02:37]} {[%emt 00:00:16]}
13. Bh6 {[%clk 00:02:33]} {[%emt 00:00:07]} c5 {[%clk 00:02:30]} {[%emt
00:00:08]} 14. Bxg7 {[%clk 00:02:18]} {[%emt 00:00:18]} Kxg7 {[%clk 00:02:29]}
{[%emt 00:00:03]} 15. Ng5 {[%clk 00:02:18]} {[%emt 00:00:02]} Nxe5 {[%clk
00:01:50]} {[%emt 00:00:41]} 16. Bxe6 {[%clk 00:01:57]} {[%emt 00:00:23]} cxd4
{[%clk 00:00:55]} {[%emt 00:00:57]} 17. cxd4 {[%clk 00:01:46]} {[%emt
00:00:13]} h6 {[%clk 00:00:50]} {[%emt 00:00:07]} 18. Bxf7 {[%clk 00:00:47]}
{[%emt 00:01:01]} Qxg5 {[%clk 00:00:18]} {[%emt 00:00:34]} 19. Qxg5 {[%clk
00:00:43]} {[%emt 00:00:06]} hxg5 {[%clk 00:00:19]} 20. dxe5 {[%clk 00:00:41]}
{[%emt 00:00:04]} Rxf7 {[%clk 00:00:19]} {[%emt 00:00:02]} 21. Rfe1 {[%clk
00:00:39]} {[%emt 00:00:04]} Re7 {[%clk 00:00:20]} {[%emt 00:00:01]} 22. c4
{[%clk 00:00:28]} {[%emt 00:00:13]} Rc8 {[%clk 00:00:21]} 23. Rac1 {[%clk
00:00:28]} {[%emt 00:00:02]} Rc5 {[%clk 00:00:21]} {[%emt 00:00:03]} 24. Kf2
{[%clk 00:00:20]} {[%emt 00:00:10]} Rexe5 {[%clk 00:00:21]} {[%emt 00:00:02]}
25. Rxe5 {[%clk 00:00:21]} {[%emt 00:00:01]} Rxe5 {[%clk 00:00:22]} 26. Kg3
{[%clk 00:00:22]} {[%emt 00:00:01]} Re2 {[%clk 00:00:22]} {[%emt 00:00:02]} 27.
c5 {[%clk 00:00:22]} {[%emt 00:00:02]} Rxg2+ {[%clk 00:00:11]} {[%emt
00:00:14]} 28. Kh3 {[%clk 00:00:21]} {[%emt 00:00:03]} g4+ {[%clk 00:00:10]}
{[%emt 00:00:02]} 29. Kh4 {[%clk 00:00:21]} {[%emt 00:00:02]} Rxh2+ {[%clk
00:00:11]} {[%emt 00:00:02]} 30. Kxg4 {[%clk 00:00:22]} bxc5 {[%clk 00:00:11]}
{[%emt 00:00:02]} 31. Rxc5 {[%clk 00:00:23]} {[%emt 00:00:02]} Be4 {[%clk
00:00:04]} {[%emt 00:00:08]} 32. Ra5 {[%clk 00:00:19]} {[%emt 00:00:06]} Kh6
{[%clk 00:00:03]} {[%emt 00:00:03]} 33. Rxa7 {[%clk 00:00:19]} {[%emt
00:00:02]} Rb2 {[%clk 00:00:04]} {[%emt 00:00:02]} 34. a4 {[%clk 00:00:17]}
{[%emt 00:00:03]} Bf5+ {[%clk 00:00:05]} {[%emt 00:00:02]} 35. Kf4 {[%clk
00:00:17]} Rb4+ {[%clk 00:00:06]} 36. Ke5 {[%clk 00:00:18]} Re4+ {[%clk
00:00:06]} {[%emt 00:00:02]} 37. Kd5 {[%clk 00:00:18]} {[%emt 00:00:01]} Kg5
{[%clk 00:00:07]} {[%emt 00:00:02]} 38. a5 {[%clk 00:00:19]} Re1 {[%clk
00:00:08]} {[%emt 00:00:01]} 39. a6 {[%clk 00:00:17]} {[%emt 00:00:03]} Kf4
{[%clk 00:00:09]} {[%emt 00:00:02]} 40. Rc7 {[%clk 00:00:13]} {[%emt 00:00:06]}
Ra1 {[%clk 00:00:09]} {[%emt 00:00:02]} 41. a7 {[%clk 00:00:14]} {[%emt
00:00:01]} g5 {[%clk 00:00:10]} {[%emt 00:00:01]} 42. Kc5 {[%clk 00:00:14]}
{[%emt 00:00:02]} Be4 {[%clk 00:00:11]} 43. Rf7+ {[%clk 00:00:12]} {[%emt
00:00:03]} Kg3 {[%clk 00:00:12]} {[%emt 00:00:02]} 44. Kb6 {[%clk 00:00:10]}
{[%emt 00:00:04]} g4 {[%clk 00:00:12]} {[%emt 00:00:02]} 45. Re7 {[%clk
00:00:07]} {[%emt 00:00:04]} Bf3 {[%clk 00:00:14]} 46. Re3 {[%clk 00:00:07]}
{[%emt 00:00:02]} Kf2 {[%clk 00:00:14]} 47. Rxf3+ {[%clk 00:00:07]} {[%emt
00:00:02]} Kxf3 {[%emt 00:00:02]} 48. Kb7 {[%clk 00:00:08]} g3 {[%clk
00:00:16]} {[%emt 00:00:02]} 49. a8=Q {[%clk 00:00:07]} {[%emt 00:00:03]} Rxa8
{[%clk 00:00:16]} {[%emt 00:00:01]} 50. Kxa8 {[%clk 00:00:08]} {[%emt
00:00:01]} g2 {[%clk 00:00:17]} {[%emt 00:00:02]} 0-1